Statistics for Beijing Olympics Gold Medal Winners

Click here to take the quiz!

General Stats

  • This quiz has been taken 322 times
    (321 since last reset)
  • The average score is 73 of 88

Answer Stats

Sport Event Country % Correct
AthleticsMen's 400 mUnited States
100%
BadmintonMen's SinglesChina
97%
AthleticsWomen's 400 mUnited Kingdom
95%
AthleticsWomen's 3000 m SteeplechaseRussia
94%
AthleticsMen's 100 mJamaica
93%
HandballMen's TeamFrance
93%
SoftballWomen's TeamJapan
92%
AthleticsMen's Pole VaultAustralia
90%
Road CyclingMen's Road RaceSpain
90%
FencingWomen's EpeeGermany
88%
BadmintonMixed DoublesSouth Korea
86%
AthleticsMen's 50 km WalkItaly
85%
AthleticsWomen's Long JumpBrazil
84%
AthleticsMen's 800 mKenya
83%
AthleticsMen's 5000 mEthiopia
77%
FootballMen's TeamArgentina
75%
AthleticsWomen's Shot PutNew Zealand
73%
Field HockeyWomen's TeamNetherlands
72%
AthleticsMen's Javelin ThrowNorway
71%
AthleticsWomen's HeptathlonUkraine
70%
AthleticsMen's Shot PutPoland
68%
AthleticsMen's 110 m HurdlesCuba
64%
AthleticsMen's Triple JumpPortugal
58%
AthleticsWomen's Hammer ThrowBelarus
57%
AthleticsWomen's High JumpBelgium
56%
AthleticsWomen's MarathonRomania
53%
AthleticsWomen's Javelin ThrowCzech Republic
51%
BadmintonMen's DoublesIndonesia
45%
AthleticsMen's Discus ThrowEstonia
38%
AthleticsMen's Hammer ThrowSlovenia
32%
AthleticsMen's Long JumpPanama
18%
SwimmingWomen's 200 m BackstrokeZimbabwe
18%
AthleticsWomen's Triple JumpCameroon
14%

Score Distribution

Percentile by Number Answered

Percent of People with Each Score

Your Score History

You have not taken this quiz since the last reset